Les principales religions dans les états du monde - Statistiques

Statistiques générales
  • Ce quiz a été pris 559 fois
  • Le résultat moyen est 67 sur 130
Statistiques - réponses
Religion % Pays % Correct
Judaïsme 0.69 France
94%
Judaïsme 1.74 Etats-Unis
88%
Christianisme orthodoxe 71.00 Russie
81%
Islam - Sunnisme 96.90 Algérie
79%
Hindouisme 78.90 Inde
78%
Sikhisme 1.66 Inde
78%
Islam - Sunnisme 99.90 Maroc
78%
Animisme 21.90 Chine
77%
Sans religion 51.80 Chine
77%
Judaïsme 73.12 Israël
77%
Bouddhisme 33.20 Japon
75%
Sans religion 60.00 Japon
75%
Islam - Sunnisme 99.90 Tunisie
72%
Christianisme orthodoxe oriental 1.50 Allemagne
70%
Islam - Chiisme 94.63 Iran
70%
Catholicisme 100 Vatican
70%
Judaïsme 1.05 Canada
69%
Sikhisme 1.26 Canada
69%
Islam - Ahmadisme 1.30 Pakistan
68%
Islam - Chiisme 15.00 Pakistan
68%
Judaïsme 0.44 Royaume-Uni
68%
Sikhisme 1.28 Royaume-Uni
68%
Islam - Chiisme 17.50 Turquie
68%
Christianisme orthodoxe oriental 4.60 Egypte
66%
Catholicisme 88.73 Pologne
66%
Bouddhisme 21.90 Corée-du-Sud
65%
Sans religion 46.60 Corée-du-Sud
65%
Christianisme orthodoxe oriental 2.00 Irak
65%
Islam - Chiisme 54.40 Irak
65%
Judaïsme 0.40 Argentine
64%
Catholicisme 84.66 Portugal
64%
Judaïsme 0.49 Australie
63%
Sikhisme 0.45 Australie
63%
Sans religion 71.30 Corée-du-Nord
61%
Christianisme orthodoxe 90.00 Grèce
61%
Islam - Chiisme 30.50 Liban
58%
Animisme 45.00 Vietnam
58%
Islam - Sunnisme 96.60 Libye
57%
Islam - Ahmadisme 5.50 Niger
57%
Christianisme orthodoxe oriental 6.00 Syrie
57%
Christianisme orthodoxe oriental 92.50 Arménie
56%
Judaïsme 0.25 Belgique
56%
Islam - Ahmadisme 1.60 Mali
56%
Hindouisme 15.90 Qatar
56%
Protestantisme 72.90 Afrique-du-Sud
55%
Islam - Chiisme 15.00 Emirats arabes unis
55%
Sikhisme 0.53 Emirats arabes unis
55%
Christianisme orthodoxe 81.27 Roumanie
55%
Bouddhisme 92.60 Thaïlande
55%
Islam - Chiisme 45.00 Yémen
55%
Christianisme orthodoxe 73030 Biélorussie
54%
Hindouisme 80.60 Népal
53%
Islam - Ahmadisme 1.30 Nigeria
53%
Christianisme orthodoxe oriental 43.50 Ethiopie
52%
Christianisme orthodoxe 84.60 Serbie
52%
Christianisme orthodoxe 83.40 Géorgie
51%
Christianisme orthodoxe oriental 2.90 Géorgie
51%
Animisme 32.90 Laos
51%
Bouddhisme 64.00 Laos
51%
Bouddhisme 54.40 Mongolie
51%
Sans religion 44.30 Pays-Bas
51%
Bouddhisme 68.60 Sri Lanka
51%
Hindouisme 13.70 Sri Lanka
51%
Bouddhisme 96.80 Cambodge
50%
Sikhisme 0.28 Malaisie
50%
Islam - Sunnisme 99.90 Mauritanie
50%
Catholicisme 82.73 Philippines
50%
Catholicisme 88.20 Andorre
49%
Bouddhisme 74.70 Bhoutan
49%
Hindouisme 22.50 Bhoutan
49%
Catholicisme 86.30 Croatie
49%
Sans religion 60.20 Estonie
49%
Judaïsme 0.48 Hongrie
49%
Sikhisme 0.83 Nouvelle-Zélande
49%
Sans religion 39.60 Nouvelle-Zélande
49%
Catholicisme 93.75 Saint-Marin
48%
Islam - Sunnisme 99.90 Somalie
47%
Sans religion 78.40 Tchéquie
47%
Bouddhisme 79.80 Birmanie
46%
Sans religion 45.30 Lettonie
46%
Islam - Ahmadisme 2.00 Tchad
46%
Islam - Chiisme 82.40 Azerbaïdjan
45%
Islam - Ahmadisme 2.20 Cameroun
45%
Christianisme orthodoxe oriental 2.18 Koweït
45%
Islam - Chiisme 29.77 Koweït
45%
Sikhisme 0.37 Koweït
45%
Catholicisme 88.70 Malte
45%
Animisme 17.60 Cuba
44%
Animisme 43.80 Taïwan
44%
Christianisme orthodoxe 72.30 Chypre
43%
Christianisme orthodoxe 69.60 Macédoine
43%
Christianisme orthodoxe 92.00 Moldavie
43%
Islam - Sunnisme 97.10 Ouzbékistan
43%
Christianisme orthodoxe 72.07 Monténégro
42%
Bouddhisme 32.20 Singapour
42%
Islam - Chiisme 52.98 Bahreïn
41%
Islam - Sunnisme 98.40 Maldives
41%
Animisme 32.90 Soudan-du-Sud
41%
Animisme 36.90 Togo
41%
Judaïsme 0.47 Uruguay
41%
Sans religion 41.50 Uruguay
41%
Islam - Ahmadisme 4.50 Tanzanie
40%
Christianisme orthodoxe oriental 57.71 Erythrée
39%
Protestantisme 73.25 Namibie
39%
Catholicisme 88.65 Paraguay
39%
Animisme 17.90 Bénin
38%
Islam - Sunnisme 98.30 Comores
38%
Islam - Sunnisme 96.90 Djibouti
38%
Hindouisme 27.90 Fidji
38%
Sikhisme 0.26 Fidji
38%
Islam - Ahmadisme 2.50 Ghana
38%
Protestantisme 75.30 Zambie
37%
Animisme 15.10 Burkina Faso
36%
Hindouisme 48.40 Maurice
36%
Sikhisme 2.98 Maurice
36%
Animisme 30.60 Guinée Bissau
35%
Protestantisme 76.30 Liberia
35%
Christianisme orthodoxe oriental 2.50 Guatemala
34%
Hindouisme 18.80 Suriname
34%
Islam - Ahmadisme 2.60 Suriname
34%
Hindouisme 23.30 Guyana
33%
Protestantisme 94.00 Tuvalu
33%
Catholicisme 97.94 Timor oriental
32%
Islam - Ahmadisme 8.10 Sierra Leone
31%
Protestantisme 73.00 Tonga
31%
Protestantisme 73.00 Salomon
28%
Hindouisme 22.30 Trinité-et-Tobago
28%
Protestantisme 74.00 Saint-Christophe-et-Niévès
27%
Protestantisme 77.00 Saint-Vincent-et-les-Grenadines
27%
Protestantisme 76.70 Marshall
24%
Aucun quiz correspondant
Distribution des résultats
% des personnes avec chaque résultat
Percentile par nombre de réponses
Votre historique - résultats
Vous n’avez pas pris ce quiz